Library Banner

Guilty men of India's partition (Record no. 43551)

MARC details
000 -LEADER
fixed length control field 00464nam a2200181Ia 4500
001 - CONTROL NUMBER
control field 45583
008 - FIXED-LENGTH DATA ELEMENTS--GENERAL INFORMATION
fixed length control field 140428s9999 xx 000 0 und d
020 ## - INTERNATIONAL STANDARD BOOK NUMBER
International Standard Book Number NA
040 ## - CATALOGING SOURCE
Transcribing agency PK-LaUMT
082 ## - DEWEY DECIMAL CLASSIFICATION NUMBER
Classification number 954.04
Item number LOH-G
100 ## - MAIN ENTRY--PERSONAL NAME
Personal name Lohia, Ram Manohar
245 ## - TITLE STATEMENT
Title Guilty men of India's partition
Statement of responsibility, etc Lohia, Ram Manohar
260 ## - PUBLICATION, DISTRIBUTION, ETC. (IMPRINT)
Place of publication, distribution, etc New Delhi,India:
Name of publisher, distributor, etc Rupa Company,
Date of publication, distribution, etc 2008
300 ## - PHYSICAL DESCRIPTION
Extent 108 p.
546 ## - LANGUAGE NOTE
Language note EN
650 ## - SUBJECT ADDED ENTRY--TOPICAL TERM
Topical term or geographic name as entry element Partition-Pakistan and India
942 ## - ADDED ENTRY ELEMENTS (KOHA)
Koha item type Books
Holdings
Withdrawn status Lost status Damaged status Not for loan Home library Current library Date acquired Total Checkouts Full call number Barcode Date last seen Date checked out Price effective from Koha item type
        UMT Main Campus UMT Main Campus 2014-04-28 1 954.04 LOH-G 49659 2019-03-18 2019-03-07 2014-05-06 Books